000 00321nam a2200121Ia 4500
005 20251222144632.0
008 251222s9999||||xx |||||||||||||| ||spa||
082 _a304.698.5/G86
100 _aGuerrero de los Ríos, Raúl
245 0 _aLa Trampa Urbana, Ideología y Problemas Urbanos:
264 _bDESCO
942 _cLIB
999 _c16344
_d16344